000 01097nam a2200229Ia 4500
003 Ost
005 20260416102352.0
008 260416s9999||||xx |||||||||||||| ||und||
040 _cfsecg
041 _aara
082 _a519.6
100 _aقبلي، زهير
_eمؤلف
245 0 _aنظرية التوزيعات الإحتمالية /
_c زهير قبلي
260 _aالجزائر
_bجامعة الجزائر3: كلية العلوم الإقتصادية، العلوم التجارية وعلوم التسيير
_c2017
300 _a125 ورقة
_bايضاحات
_c30 سم
504 _aملاحق ص.121
520 _aالتحليل التوفيقي، الحساب الاحتمالي، المتغيرات العشوائية ومبادئ التوزيعات الاحتمالية، التوزيعات الاحتمالية المستمرة
653 _aالاحتمالات
653 _aالحساب
710 _aجامعة الجزائر3: كلية العلوم الإقتصادية، العلوم التجارية وعلوم التسيير
_eناشر علمي
942 _cHANDOUT
999 _c41030
_d41030